000
00321nam a22001337a 4500
003
SGT
020
_a
978-0-85785-755-2
082
_a
746.92
_b
L13C
100
_a
COX, CAROLINE
245
_a
LUXURY FASHION A GLOBAL HISTORY OF HERITAGE BRANCHES
260
_a
LONDON
_b
BLOOMSBURY
_c
2013
300
_a
287
942
_2
ddc
_c
BK
999
_c
17256
_d
17256